Sesión inaugural... con un discurso sobre sorderas infantiles... / (Record no. 32809)

MARC details
000 -LEADER
campo de control de longitud fija 00673nam a2200181 i 4500
001 - NÚMERO DE CONTROL
campo de control 32809
003 - IDENTIFICADOR DE NÚMERO DE CONTROL
campo de control ES-MaACL
005 - FECHA Y HORA DE LA ÚLTIMA TRANSACCIÓN
campo de control 20230906154635.0
007 - CAMPO FIJO DE DESCRIPCIÓN FÍSICA--INFORMACIÓN GENERAL
campo de control de longitud fija t|
008 - DATOS DE LONGITUD FIJA--INFORMACIÓN GENERAL
campo de control de longitud fija 030131s1973 sp ||||1| spa d
100 1# - ENTRADA PRINCIPAL--NOMBRE DE PERSONA
Nombre de persona Bermejo Correa, José María.
9 (RLIN) 28101
245 10 - MENCIÓN DEL TÍTULO
Título Sesión inaugural... con un discurso sobre sorderas infantiles... /
Mención de responsabilidad, etc. por José María Bermejo Correa ; precedido de la memoria reglamentaria por Fernando Zubiri Vidal.
260 ## - PUBLICACIÓN, DISTRIBUCIÓN, ETC.
Lugar de publicación, distribución, etc. Zaragoza :
Nombre del editor, distribuidor, etc. Academia de Medicina,
Fecha de publicación, distribución, etc. 1973.
300 ## - DESCRIPCIÓN FÍSICA
Extensión 97 p. ;
Dimensiones 24 cm.
700 1# - ENTRADA AGREGADA--NOMBRE PERSONAL
Nombre de persona Zubiri Vidal, Fernando.
9 (RLIN) 118411
710 2# - ENTRADA AGREGADA--NOMBRE DE ENTIDAD CORPORATIVA
Nombre de entidad corporativa o nombre de jurisdicción como elemento de entrada Real Academia de Medicina de Zaragoza.
9 (RLIN) 6323
852 ## - LOCALIZACIÓN
Ubicación ES-MaACL
Número de control de estantería C-51288
Sublocalización o colección R.85087
Holdings
Estatus retirado Estado de pérdida Estado de daño No para préstamo Biblioteca de origen Biblioteca actual Ubicación en estantería Fecha de adquisición Fuente de adquisición Total de préstamos Signatura topográfica completa Código de barras Visto por última vez Precio de reemplazo Tipo de ítem Koha
        Biblioteca del Ateneo de Madrid Biblioteca del Ateneo de Madrid Depósito 2 17/01/2008     C-51288 1034046 23/02/2023 23/02/2023 Libro impreso